00518nam a2200169Ia 4500003000500000008004100005020001800046040001900064082000700083100002000090245003900110260004500149546001200194942001200206999001700218952011300235STCL181203s9999 xx 000 0 und d a9788184871456 aSTCLbENcSTCL 222 aSinha, Amritasu 0aPrinciples of Engineering Analysis bNarosa Publishing HouseaNew Delhic2012 aEnglish 2ddccBK c85950d85950 00102ddc4070aSTCALbSTCALcGENd2018-12-03l0o620.001 SIN-Pp94500r2018-12-03 00:00:00w2018-12-03yBK